Normal view MARC view
  • Indígenas de México

Entry Materia

Number of records used in: 15

001 - NÚMERO DE CONTROL DEL REGISTRO

  • campo de control: 8806

003 - IDENTIFICADOR DE NUMERO DE CONTROL

  • campo de control: MX-MxUPN

005 - FECHA Y HORA DE LA ÚLTIMA TRANSACCIÓN

  • campo de control: 20230926124409.0

008 - DATOS DE LONGITUD FIJA

  • campo de control de longitud fija: 230926 n annnnaaba b |nc |d

035 ## - NÚMERO DE CONTROL DEL SISTEMA

  • Número de control del sistema: UPN10000008812

040 ## - FUENTE DE LA CATALOGACIÓN

  • Lengua de catalogación: SPA
  • Agencia de transcripción: UPN
  • Centro catalogador de origen: UPN

046 ## - FECHAS CON CODIFICACIÓN ESPECIAL

  • Fecha final para contenidos agregados: 2023

150 ## - ENCABEZAMIENTO - TEMÁTICO

  • Término de materia o nombre geográfico como elemento inicial: Indígenas de México
  • Subdivisión de materia general: Literatura

450 ## - VÉASE - MATERIA

  • Encabezamiento temático: Literatura indígena
  • Subdivisión geográfica: México

450 ## - VÉASE - MATERIA

  • Encabezamiento temático: Indios de México
  • Subdivisión geográfica: Literatura
  • Subcampo de control: nno

670 ## - FUENTE EN LA QUE SE LOCALIZARON DATOS

  • Cita de la fuente: Escamilla Gonzalez, G. Lista de encabezamientos de materia, 1978:
  • Información localizada: página 45 (Indios -- Literatura)

670 ## - FUENTE EN LA QUE SE LOCALIZARON DATOS

  • Cita de la fuente: Autoridades BGTQ, 26 septiembre 2023:
  • Información localizada: (Indígenas de México)

902 ## - CATALOGADOR

  • Catalogador: MEEG/140208
  • Catalogador: VíctorGodínez/260923